UBT Library

Introduction to management science : (Record no. 47157)

000 -LEADER
fixed length control field 00937cam a2200253 a 4500
001 - CONTROL NUMBER
control field 14625570
005 - DATE AND TIME OF LATEST TRANSACTION
control field 20180814083155.0
008 - FIXED-LENGTH DATA ELEMENTS--GENERAL INFORMATION
fixed length control field 061106s2008 maua 001 0 eng
010 ## - LIBRARY OF CONGRESS CONTROL NUMBER
LC control number 2006036715
020 ## - INTERNATIONAL STANDARD BOOK NUMBER
International Standard Book Number 9780073129037 (alk. paper)
020 ## - INTERNATIONAL STANDARD BOOK NUMBER
International Standard Book Number 0073129038 (alk. paper)
035 ## - SYSTEM CONTROL NUMBER
System control number (OCoLC)ocm76141176
035 ## - SYSTEM CONTROL NUMBER
System control number (OCoLC)76141176
040 ## - CATALOGING SOURCE
Original cataloging agency DLC
Transcribing agency DLC
Modifying agency YDX
-- BAKER
-- BTCTA
-- DLC
041 ## - LANGUAGE CODE
Language code of text/sound track or separate title eng
080 ## - UNIVERSAL DECIMAL CLASSIFICATION NUMBER
Universal Decimal Classification number 658.4032 HILL
082 00 - DEWEY DECIMAL CLASSIFICATION NUMBER
Classification number 658.4032 HILL
Edition number 22
100 1# - Rafti
Rafti 53
101 ## - Shkurtesa
Shkurtesa MEN
245 10 - TITLE STATEMENT
Title Introduction to management science :
Statement of responsibility, etc Frederick S. Hillier, Mark S. Hillier ; Cases developed by Karl Schmedders, Molly Stephens.
906 ## - LOCAL DATA ELEMENT F, LDF (RLIN)
a 7
b cbc
c orignew
d 1
e ecip
f 20
g y-gencatlg
942 ## - ADDED ENTRY ELEMENTS (KOHA)
Source of classification or shelving scheme
Item type Books
Holdings
Withdrawn status Lost status Source of classification or shelving scheme Damaged status Not for loan Collection code Permanent location Current location Shelving location Date acquired Total Checkouts Full call number Barcode Date last seen Price effective from Koha item type
          Koleksioni i përgjithshem UBT - Lipjan UBT - Lipjan Koleksioni i përgjithshem 08/14/2018   658.4032 HILL 002-3011195 08/14/2018 08/14/2018 Books
UBT Library © 2015-2024. All rights reserved University Education for Business and Technology